000 03276cam a2200433 a 4500
999 _c112997
_d112997
001 17247672
003 BJBSDDR
005 20230411090133.0
008 120409s2008 vau b 000 0 eng
010 _a 2011377509
020 _a1598035126
020 _a9781598035124
040 _aDLC
_cDLC
042 _apcc
050 0 0 _aLB 14.6
_bM958t 2008
082 _2370
100 1 _96463
_aMuller, Jerry Z.,
_d1954-
130 _96091
_aThe Great Courses
245 1 0 _aThinking about capitalism /
_cJerry Z. Muller.
260 _aChantilly, Va. :
_bTeaching Co.,
_c2008.
300 _a3 volumes ;
_c21 cm.
440 _96419
_aGreat courses
490 0 _aThe great courses
500 _aCourse no. 5665.
500 _a"Lecture transcript and course guidebook"--Cover.
505 _alecture 1. Why think about capitalism -- lecture 2. The Greek and Christian traditions -- lecture 3. Hobbes's challenge to the traditions -- lecture 4. Dutch commerce and national power -- lecture 5. Capitalism and toleration -- Voltaire -- lecture 6. Abundance or equality -- Voltaire vs. Rousseau -- lecture 7. Seeing the invisible hand -- Adam Smith -- lecture 8. Smith on merchants, politicians, workers -- lecture 9. Smith on the problems of commercial society -- lecture 10. Smith on moral and immoral capitalism -- lecture 11. Conservatism and advanced capitalism -- Burke -- lecture 12. Conservatism and periphery capitalism -- Möser. lecture 12. Hegel on capitalism and individuality -- lecture 14. Hamilton, List, and the case for protection -- lecture 15. De Tocqueville on capitalism in America -- lecture 16. Marx and Engels -- The Communist Manifesto -- lecture 17. Marx's Capital and the degradation of work -- lecture 18. Matthew Arnold on capitalism and culture -- lecture 19. Individual and community -- Tönnies vs. Simmel -- lecture 20. The German debate over rationalization -- lecture 21. Cultural sources of capitalism -- Max Weber -- lecture 22. Schumpeter on innovation and resentment -- lecture 23. Lenin's critique -- Imperialism and war -- lecture 24. Fascists on capitalism -- Freyer and Schmitt. lecture 25. Mises and Hayek on irrational socialism -- lecture 26. Schumpeter on capitalism's self-destruction -- lecture 27. The rise of welfare-state capitalism -- lecture 29. Pluralism as limit to social justice -- Hayek -- lecture 30. Contradictions of postindustrial society -- lecture 31. The family under capitalism -- lecture 32. Tensions with democracy -- Buchanan and Olson -- lecture 33. End of communism, new era of globalization -- lecture 34. Capitalism and nationalism -- Ernest Gellner -- lecture 35. The varieties of capitalism -- lecture 36. Intrinsic tensions in capitalism -- Timeline -- Glossary -- Biographical notes -- Bibliography.
650 4 _aEducación
_91877
650 4 _aEnseñanza
_96089
650 0 _aCapitalismo
_xHistoria
_94122
650 4 _aEconomía
_92380
_xHistoria
650 4 _aCapitalismo
_96467
_xAspectos morales y éticos
650 0 _aCapitalismo
_91787
650 4 _aEconomía
_9761
710 2 _96101
_aTeaching Company
830 _96091
_aThe Great Courses
906 _a7
_bcbc
_corignew
_d2
_encip
_f20
_gy-gencatlg
942 _2lcc
_cBK